La leyenda del hornero /

Según la leyenda, don Sebastián Gaboto amarró sus barcos y bajó con muchos hombres a las verdes orillas del río Paraná. Uno de ellos se quedó allí para siempre. ¿Cómo fue que se convirtió en ornero?

Guardado en:
Autor Principal: Canela.
Otros Autores: Prada, Marta., Rojas, Oscar; il., Fernández, Luciana; il.
Formato: Libro
Idioma:Undetermined
Publicado: Buenos Aires : Sudamericana, 2002.
Series:Cuentamérica naturaleza / Gigliola Zecchin
Materias:
Etiquetas: Agregar Etiqueta
Sin Etiquetas, Sea el primero en etiquetar este registro!
LEADER 01110nam a22002535a 4500
001 CEM.cems021288
008 240705s2002####ag############000#0#und#d
005 20240705170745.0
245 1 0 |a La leyenda del hornero /  |c Canela y Marta Prada ; ilustrado por Oscar Rojas y Luciana Fernández. 
260 |a Buenos Aires :  |b Sudamericana,  |c 2002. 
300 |a 32 p. 
490 1 |a Cuentamérica naturaleza / Gigliola Zecchin 
500 |a Edad sugerida: a partir de 4 años. 
520 |a Según la leyenda, don Sebastián Gaboto amarró sus barcos y bajó con muchos hombres a las verdes orillas del río Paraná. Uno de ellos se quedó allí para siempre. ¿Cómo fue que se convirtió en ornero? 
020 |a 9500722453 
100 1 |a Canela. 
700 1 |a Prada, Marta. 
700 1 |a Rojas, Oscar; il. 
700 1 |a Fernández, Luciana; il. 
653 |a Mitos 
653 |a Leyendas 
859 |a CEMS  |b BIB. CEMS - Inicial y Primaria  |h 398.2  |i C162  |k IP  |p 2200  |t Ej.1 
859 |a CEMS  |b BIB. CEMS - Inicial y Primaria  |h 398.2  |i C162  |k IP  |p 2201  |t Ej.2 
859 |a CEMS  |b BIB. CEMS - Inicial y Primaria  |h 398.2  |i C162  |k IP  |p 2823  |t Ej.3